000 00385nam a2200157Ia 4500
008 230718s9999 xx 000 0 und d
041 _aeng
082 _a001.42
_bICF
100 _aIcfai
245 _aIntroduction To Quantitative Methods
250 _a3rd ed.
260 _bIcfai Books
365 _cRs.
_b500.00
700 _aIcfai
906 _dB:107080031709-Jul-2007
_cOTH
_b100
999 _c317284
_d317284